000 00705nam a2200205 i 4500
001 bg
100 1 _aGARLICKA, Anna
245 0 _aReading comprehension practice :
_btexts for students of civil engineering /
_cAnna Garlicka, Barbara Kłaś, Anna Madej.
260 _aKraków :
_bPK,
_c1984.
300 _a128 s. :
_brys., wykr. ;
_c24 cm.
490 1 _aPomoce Dydaktyczne / Politechnika Krakowska im. Tadeusza Kościuszki
700 1 _aKŁAŚ, Barbara
700 1 _aMADEJ, Anna
830 0 _aPomoce Dydaktyczne (Politechnika Krakowska im. Tadeusza Kościuszki)
040 _cBPK
041 _apol
080 _a802.0:624:625.7/.8(075.8)
942 _cKS
008 s pl f |000 0 pol
999 _c2599
_d2599
856 _uhttp://koha.tu.koszalin.pl/cgi-bin/koha/opac-detail.pl?biblionumber=2599
_yKatalog online BPK